[Event "Detroit (MI Op/5/13)"]
[Site "?"]
[Date "1994.??.??"]
[Round "?"]
[White "Perry, R."]
[Black "Ball, Ed"]
[Result "0-1"]
[WhiteElo "2110"]
[BlackElo "1955"]
[PlyCount "78"]
[EventDate "1994.??.??"]

{5/(13)} 1. e4 e6 2. d4 d5 3. exd5 exd5 4. Bd3 Nf6 5. h3 Be7 6. Nf3 O-O 7. O-O
c5 8. dxc5 Bxc5 9. Bg5 Qb6 10. Bxf6 Qxf6 11. Nc3 Nc6 12. Nxd5 Qxb2 13. Bxh7+
Kxh7 14. Ng5+ Kg8 15. Qd3 f5 16. Qc4 Bxf2+ 17. Rxf2 Qxa1+ 18. Kh2 g6 19. c3 Kg7
20. Qh4 Rh8 21. Ne6+ Bxe6 22. Qf6+ Kh7 23. Rf4 Qe1 24. Ne7 Nxe7 25. Rh4+ Qxh4
26. Qxh4+ Kg8 27. Qxe7 Bd5 28. Qd6 Bf7 29. Qd7 Rh4 30. Qxb7 Re8 31. Qxa7 Rhe4
32. a4 Re2 33. Qc5 Rd2 34. Qc6 Ree2 35. a5 Rxg2+ 36. Qxg2 Rxg2+ 37. Kxg2 Bc4
38. Kg3 Kf7 39. Kf4 Kf6 0-1

[Event "Detroit (MEX/3/1)"]
[Site "?"]
[Date "1994.??.??"]
[Round "?"]
[White "Pence, Mark"]
[Black "Tsemekhman, Vadim"]
[Result "0-1"]
[WhiteElo "2115"]
[BlackElo "2430"]
[PlyCount "66"]
[EventDate "1994.??.??"]

{3/(1)} 1. Nf3 d5 2. d4 Nf6 3. g3 c6 4. Bg2 Bf5 5. O-O e6 6. c4 Be7 7. Qb3 Qc8
8. Nc3 O-O 9. Nh4 Bg4 10. f3 Bh5 11. Bh3 Rd8 12. Be3 dxc4 13. Qxc4 Nd5 14. Nxd5
cxd5 15. Qxc8 Rxc8 16. Rac1 Nc6 17. Ng2 g5 18. g4 Bg6 19. f4 Be4 20. fxg5 Nb4
21. Bf4 Nc2 22. e3 Nb4 23. a3 Nd3 24. Rxc8+ Rxc8 25. Ne1 Nxf4 26. exf4 Bd8 27.
Bg2 Bb6 28. Bxe4 Bxd4+ 29. Kg2 dxe4 30. b4 Rc1 31. f5 Ra1 32. fxe6 fxe6 33. Nc2
Ra2 0-1

[Event "Flint (MI Senior/1/3)"]
[Site "?"]
[Date "1994.??.??"]
[Round "?"]
[White "Pence, Mark"]
[Black "Meek, R."]
[Result "1-0"]
[WhiteElo "2125"]
[BlackElo "1605"]
[PlyCount "83"]
[EventDate "1994.??.??"]

{1/(3)} 1. Nf3 Nf6 2. g3 g6 3. Bg2 Bg7 4. O-O O-O 5. d4 d5 6. c4 e6 7. Nc3 c6
8. Re1 dxc4 9. e4 Nbd7 10. Qe2 b5 11. a4 a6 12. axb5 cxb5 13. Nxb5 Nb6 14. Nc3
Bd7 15. Bg5 h6 16. Bxf6 Bxf6 17. e5 Bg7 18. Nd2 Ra7 19. Nxc4 Nxc4 20. Qxc4 Qc7
21. Qxc7 Rxc7 22. Rxa6 Rfc8 23. Ra8 Rxa8 24. Bxa8 Bf8 25. Bf3 Bb4 26. Rc1 Kg7
27. Na2 Rxc1+ 28. Nxc1 Kf8 29. Nd3 Be7 30. Kf1 Ke8 31. Ke2 Kd8 32. Kd2 Kc7 33.
Kc3 Kb6 34. b4 Bb5 35. Nc5 Kc7 36. Be4 Bf8 37. f4 Be7 38. g4 Bh4 39. f5 gxf5
40. gxf5 exf5 41. Bxf5 Bg5 42. d5 1-0

[Event "Flint (MI Senior/4/2)"]
[Site "?"]
[Date "1994.??.??"]
[Round "?"]
[White "Pence, Mark"]
[Black "Foord, Allan"]
[Result "1-0"]
[WhiteElo "2125"]
[BlackElo "1615"]
[PlyCount "69"]
[EventDate "1994.??.??"]

{4/(2)} 1. Nf3 Nf6 2. g3 g6 3. Bg2 Bg7 4. O-O d5 5. c4 d4 6. d3 Nc6 7. e3 O-O
8. h3 e5 9. e4 h6 10. Bd2 Qd6 11. Qc1 g5 12. h4 g4 13. Ne1 h5 14. Na3 a6 15.
Rb1 b6 16. b4 Be6 17. Nac2 Rfb8 18. a3 Kh7 19. b5 axb5 20. cxb5 Ne7 21. f4 gxf3
22. Nxf3 c5 23. bxc6 Nxc6 24. Nb4 Rc8 25. Qb2 Ng4 26. Ng5+ Kg6 27. Rbc1 Nxb4
28. Bxb4 Qd7 29. Nxe6 Qxe6 30. Rf5 Rxc1+ 31. Qxc1 Ne3 32. Bh3 Qb3 33. Qc6+ f6
34. Qxa8 Qxd3 35. Qe8+ 1-0

[Event "Detroit (MEX/2/2)"]
[Site "?"]
[Date "1994.??.??"]
[Round "?"]
[White "Pence, Mark"]
[Black "Drkulec, Vladimir"]
[Result "1-0"]
[WhiteElo "2115"]
[BlackElo "2225"]
[PlyCount "89"]
[EventDate "1994.??.??"]

{2/(2)} 1. Nf3 g6 2. g3 Bg7 3. Bg2 Nf6 4. c4 c5 5. d4 cxd4 6. Nxd4 Nc6 7. Nc3
O-O 8. O-O Nxd4 9. Qxd4 d6 10. Qd3 Nd7 11. b3 Nc5 12. Qd2 Bd7 13. Bb2 Bc6 14.
Nd5 e6 15. Bxg7 Kxg7 16. Qb2+ f6 17. Nf4 Bxg2 18. Kxg2 a5 19. Rad1 Ra6 20. Qd2
Qe8 21. Qe3 g5 22. Nd3 Qc6+ 23. f3 Qc8 24. g4 e5 25. h4 Ne6 26. Rh1 h6 27. Nf2
Nf4+ 28. Kf1 a4 29. Ne4 axb3 30. axb3 Qb8 31. Kf2 f5 32. gxf5 Rxf5 33. hxg5
hxg5 34. Ng3 Rf8 35. Nh5+ Kf7 36. Nxf4 gxf4 37. Qe4 Qa7+ 38. Ke1 Ke7 39. Qg6
Rf7 40. Rh6 Kf8 41. Rh8+ Ke7 42. Qg5+ Kd7 43. Qd8+ Ke6 44. Rg8 Kf5 45. Rg5+ 1-0

[Event "Grand Rapids (MI Am/1/32)"]
[Site "?"]
[Date "1994.??.??"]
[Round "?"]
[White "Pecot, Dave"]
[Black "Welch, Joseph"]
[Result "0-1"]
[WhiteElo "1605"]
[BlackElo "1605"]
[PlyCount "62"]
[EventDate "1994.??.??"]

{1/(32)} 1. e4 c5 2. Nf3 Nc6 3. d4 cxd4 4. Nxd4 e6 5. c4 Bb4+ 6. Nc3 Nge7 7.
Be2 d5 8. cxd5 exd5 9. O-O Bxc3 10. bxc3 dxe4 11. Bb5 O-O 12. f3 exf3 13. Qxf3
Nxd4 14. cxd4 Qxd4+ 15. Be3 Qd5 16. Qg3 Qxb5 17. Bh6 Qb6+ 18. Be3 Qg6 19. Bg5
Nc6 20. Rf4 f6 21. Re1 Qxg5 22. Qb3+ Kh8 23. Rfe4 Ne5 24. R1e3 Bd7 25. Qxb7 Bc6
26. Qb4 Bxe4 27. Qxe4 Rac8 28. Rh3 Rc1+ 29. Kf2 Qd2+ 30. Kg3 Rc3+ 31. Kh4 Qg5#
0-1

[Event "Ann Arbor (MLS Jul-Aug)"]
[Site "?"]
[Date "1994.??.??"]
[Round "?"]
[White "Pecot, Dave"]
[Black "Smalec, Joseph"]
[Result "0-1"]
[WhiteElo "1605"]
[BlackElo "1605"]
[PlyCount "42"]
[EventDate "1994.??.??"]

1. e4 e5 2. Nf3 Nf6 3. Nc3 Bb4 4. d3 O-O 5. Bg5 d5 6. a3 Bxc3+ 7. bxc3 d4 8.
cxd4 exd4 9. Qd2 h6 10. Bxf6 Qxf6 11. Rb1 Re8 12. Be2 Nc6 13. O-O Qg6 14. h3
Bxh3 15. Nh4 Qd6 16. gxh3 g5 17. Nf5 Qe6 18. Kh1 Ne7 19. Rxb7 Nxf5 20. Rg1 Nd6
21. Rxc7 Qxh3# 0-1

[Event "Ann Arbor (MLS Oct-Nov)"]
[Site "?"]
[Date "1994.??.??"]
[Round "?"]
[White "Pecot, Dave"]
[Black "Smalec, Joseph"]
[Result "1-0"]
[WhiteElo "1605"]
[BlackElo "1605"]
[PlyCount "39"]
[EventDate "1994.??.??"]

1. e4 e5 2. f4 exf4 3. Nf3 Qe7 4. Nc3 Nc6 5. Bc4 Nf6 6. d3 Qb4 7. Bxf4 Qxb2 8.
Nb5 d5 9. Nxc7+ Kd8 10. Nxd5 Nxd5 11. Rb1 Qc3+ 12. Bd2 Qf6 13. Bxd5 Bb4 14.
Bxb4 Nxb4 15. Rxb4 Qc3+ 16. Qd2 Qa1+ 17. Kf2 Qxh1 18. Bxb7 Bxb7 19. Rxb7 Rf8
20. Qa5+ 1-0

[Event "Grand Rapids (MI Am/3/40)"]
[Site "?"]
[Date "1994.??.??"]
[Round "?"]
[White "Pecot, Dave"]
[Black "Lueer, Michael"]
[Result "0-1"]
[WhiteElo "1605"]
[BlackElo "1605"]
[PlyCount "56"]
[EventDate "1994.??.??"]

{3/(40)} 1. e4 e5 2. Nf3 Nc6 3. Bc4 Nf6 4. Ng5 d5 5. exd5 Nxd5 6. Qf3 Qxg5 7.
Qxd5 Be6 8. Qe4 Bxc4 9. Qxc4 Qxg2 10. Rf1 O-O-O 11. Qxf7 Nb4 12. Qe6+ Kb8 13.
Qb3 Rd4 14. a3 Re4+ 15. Qe3 Nxc2+ 16. Kd1 Nxe3+ 17. dxe3 Qxf1+ 18. Kc2 Qxf2+
19. Nd2 Rc4+ 20. Kb3 Rc5 21. Ka2 Be7 22. Nb3 Rc2 23. Rb1 Rd8 24. Bd2 Qf7 25. e4
Rdxd2 26. a4 Rd3 27. Ka1 Qxb3 28. a5 Qa4# 0-1

[Event "Grand Rapids (MI Am/5/36)"]
[Site "?"]
[Date "1994.??.??"]
[Round "?"]
[White "Pecot, Dave"]
[Black "Draper, M."]
[Result "1-0"]
[WhiteElo "1605"]
[BlackElo "1605"]
[PlyCount "79"]
[EventDate "1994.??.??"]

{5/(36)} 1. f4 e6 2. Nf3 d5 3. e3 c5 4. d4 Nd7 5. b3 Ngf6 6. Nc3 a6 7. Bb2 b5
8. a4 b4 9. Nb1 a5 10. Nbd2 Nb6 11. c4 Ng4 12. Qe2 Ba6 13. Ne5 Nxe5 14. fxe5
Be7 15. Qf2 O-O 16. Be2 Bh4 17. g3 Bg5 18. h4 Be7 19. e4 f5 20. exd5 exd5 21.
dxc5 Nxc4 22. Nxc4 dxc4 23. bxc4 Bb7 24. O-O Be4 25. Qe3 Qc7 26. Bd4 Rac8 27.
Bd3 Bxd3 28. Qxd3 Bxc5 29. Qe3 Bxd4 30. Qxd4 Qc5 31. Rf4 g6 32. e6 Rfe8 33. Re1
Kf8 34. Re5 Qc6 35. Qd7 Re7 36. Rexf5+ gxf5 37. Rxf5+ Kg8 38. Qxe7 Qe8 39. Rg5+
Kh8 40. Qg7# 1-0

[Event "Ann Arbor (MLS Jul-Aug)"]
[Site "?"]
[Date "1994.??.??"]
[Round "?"]
[White "Pecot, Dave"]
[Black "Cooper, Stephen"]
[Result "0-1"]
[WhiteElo "1605"]
[BlackElo "1605"]
[PlyCount "52"]
[EventDate "1994.??.??"]

1. f4 Nf6 2. Nf3 d5 3. e3 Bf5 4. b3 Nbd7 5. Bb2 e6 6. Be2 Bd6 7. O-O Qe7 8. d4
Ne4 9. Nc3 Nxc3 10. Bxc3 Nf6 11. Nh4 Ne4 12. Nxf5 exf5 13. Bb2 c6 14. c4 Bb4
15. cxd5 cxd5 16. Bb5+ Kd8 17. Rc1 Bd2 18. Rc5 Bxe3+ 19. Kh1 Nxc5 20. dxc5 Qxc5
21. b4 Qxb5 22. Bd4 Bxd4 23. Qf3 Re8 24. Rc1 Re3 25. Rc5 Re1+ 26. Qf1 Qxf1# 0-1

[Event "Gaylord (NMO/5/17)"]
[Site "?"]
[Date "1994.??.??"]
[Round "?"]
[White "Paul, Dennis"]
[Black "Yahkind, Andrew"]
[Result "0-1"]
[WhiteElo "1605"]
[BlackElo "1605"]
[PlyCount "118"]
[EventDate "1994.??.??"]

{5/(17)} 1. d4 d5 2. Nf3 Nc6 3. g3 Nf6 4. Bg2 Ne4 5. O-O e6 6. Bf4 Bd6 7. e3
Bxf4 8. exf4 O-O 9. Nc3 Nxc3 10. bxc3 Re8 11. Ng5 h6 12. Nf3 b6 13. Ne5 Nxe5
14. fxe5 c5 15. c4 cxd4 16. Qxd4 Bb7 17. Rfd1 Rc8 18. cxd5 exd5 19. Bxd5 Bxd5
20. Qxd5 Qxd5 21. Rxd5 Rxc2 22. Rdd1 Re2 23. Rd7 a5 24. Rb7 Re6 25. f4 g5 26.
a4 f6 27. f5 R6xe5 28. Rd1 Re8 29. Rd6 g4 30. Rd1 R8e4 31. Rd8+ Re8 32. Rxe8+
Rxe8 33. Rxb6 Kf7 34. Rb7+ Kf8 35. Rh7 Re4 36. Rxh6 Kg7 37. Rh4 Rxa4 38. h3
Ra1+ 39. Kf2 gxh3 40. Rxh3 a4 41. Rh4 Ra2+ 42. Ke1 Ra1+ 43. Kd2 a3 44. Ra4 a2
45. Kc2 Rg1 46. Rxa2 Rxg3 47. Ra7+ Kh6 48. Ra5 Kg5 49. Rd5 Rf3 50. Kd2 Rxf5 51.
Rxf5+ Kxf5 52. Ke3 Ke5 53. Kf3 Kf5 54. Ke3 Kg4 55. Kf2 Kf4 56. Kg2 Ke3 57. Kg3
f5 58. Kh2 f4 59. Kg1 Ke2 0-1

[Event "Ann Arbor (HVA/4/7)"]
[Site "?"]
[Date "1994.??.??"]
[Round "?"]
[White "Paul, Dennis"]
[Black "Simmons, M."]
[Result "0-1"]
[WhiteElo "1605"]
[BlackElo "1605"]
[PlyCount "100"]
[EventDate "1994.??.??"]

{4/(7)} 1. e4 e5 2. Bc4 Nh6 3. Nf3 Bd6 4. O-O O-O 5. Nc3 Nc6 6. d3 Ng4 7. Bg5
Be7 8. Qd2 Nd4 9. Bxe7 Qxe7 10. Nxd4 exd4 11. Nd5 Qe5 12. f4 Qh5 13. h3 Ne3 14.
Nxe3 dxe3 15. Qxe3 d6 16. e5 dxe5 17. fxe5 Be6 18. Rf4 Bxc4 19. Rxc4 Rae8 20.
Qxa7 Qxe5 21. Re4 Qxb2 22. Rae1 Re6 23. Qa4 b5 24. Qb3 Qf6 25. Qxb5 c6 26. Qc4
h6 27. Rxe6 fxe6 28. Qxe6+ Qxe6 29. Rxe6 c5 30. Rc6 Ra8 31. Rxc5 Rxa2 32. d4
Kf8 33. c4 Rd2 34. d5 Ke8 35. Rc6 Kd7 36. Kf1 Rd4 37. Ke2 Re4+ 38. Kd3 Re5 39.
Kd4 Re2 40. c5 Rxg2 41. Rd6+ Kc7 42. c6 Kxd6 43. c7 Kxc7 44. Kc5 Rg5 45. h4 Rf5
46. h5 Rxh5 47. Kd4 g5 48. Ke5 g4+ 49. Ke6 Kd8 50. d6 g3 0-1

[Event "Romulus (RVO/5/27)"]
[Site "?"]
[Date "1994.??.??"]
[Round "?"]
[White "Paul, Dennis"]
[Black "Rosebrook, G."]
[Result "0-1"]
[WhiteElo "1605"]
[BlackElo "1605"]
[PlyCount "66"]
[EventDate "1994.??.??"]

{5/(27)} 1. e4 c5 2. Bc4 e6 3. d3 Nc6 4. Nf3 h6 5. O-O Nf6 6. Be3 a6 7. Nbd2
Be7 8. Nh4 Nxe4 9. Nxe4 d5 10. Bxc5 Bxc5 11. Nxc5 Qxh4 12. Bb3 O-O 13. h3 Nd4
14. Qg4 Qxg4 15. hxg4 b6 16. Na4 f5 17. Nxb6 Rb8 18. Nxc8 Rfxc8 19. c3 Ne2+ 20.
Kh2 fxg4 21. Bd1 Rxb2 22. Re1 Nf4 23. Bxg4 Kf7 24. g3 Rxf2+ 25. Kh1 h5 26. gxf4
hxg4 27. Rf1 Rh8+ 28. Kg1 Rfh2 29. f5 e5 30. c4 g3 31. c5 Rc2 32. Rf2 gxf2+ 33.
Kg2 f1=Q+ 0-1

[Event "Romulus (RVO/1/21)"]
[Site "?"]
[Date "1994.??.??"]
[Round "?"]
[White "Paul, Dennis"]
[Black "McGrath, Michael"]
[Result "0-1"]
[WhiteElo "1605"]
[BlackElo "1830"]
[PlyCount "60"]
[EventDate "1994.??.??"]

{1/(21)} 1. d4 f5 2. e3 Nf6 3. Bd3 g6 4. Nf3 Bg7 5. O-O O-O 6. b3 b6 7. Ba3 c5
8. Ng5 h6 9. Bc4+ d5 10. dxc5 dxc4 11. Qxd8 Rxd8 12. Nf3 Ne4 13. c3 cxb3 14.
Nd4 bxc5 15. Nxb3 Nxc3 16. Nxc3 Bxc3 17. Rad1 Re8 18. Nxc5 Nc6 19. Rb1 a5 20.
Rb6 Ne5 21. Rfb1 Nc4 22. Rxg6+ Kf7 23. Rxh6 Nxa3 24. Rbb6 Bf6 25. h4 Kg7 26.
Rh5 Rh8 27. Rxh8 Kxh8 28. f3 Nc4 29. e4 Nxb6 30. exf5 Bd4+ 0-1

[Event "Ann Arbor (HVA/1/7)"]
[Site "?"]
[Date "1994.??.??"]
[Round "?"]
[White "Paul, Dennis"]
[Black "McCarter, Robert"]
[Result "0-1"]
[WhiteElo "1605"]
[BlackElo "1725"]
[PlyCount "100"]
[EventDate "1994.??.??"]

{1/(7)} 1. d4 Nf6 2. c4 e6 3. c5 Be7 4. Qd3 O-O 5. Qg3 Re8 6. Bh6 Bf8 7. f3 d6
8. cxd6 Qxd6 9. Qxd6 cxd6 10. Bd2 Nc6 11. e3 Bd7 12. Nc3 Rac8 13. Bb5 a6 14.
Ba4 b5 15. Bb3 d5 16. Nge2 Na5 17. Bc2 Nc4 18. Bc1 Rc7 19. O-O Rec8 20. a3 a5
21. e4 dxe4 22. Nxe4 Nd5 23. Kf2 Nxb2 24. Nc5 Bxc5 25. dxc5 Nc4 26. Bg5 Rxc5
27. Be4 Ncb6 28. Rac1 Rxc1 29. Bxc1 Nc3 30. Nxc3 Rxc3 31. Be3 Nd5 32. Ba7 h6
33. Rd1 Bc6 34. h3 Kf8 35. Kg3 f6 36. Bb8 Kf7 37. Bd6 Ne3 38. Re1 Bxe4 39. Kf2
Nf5 40. Bb8 Rc2+ 41. Kg1 Bd5 42. Ba7 Nh4 43. Bf2 Ng6 44. Rb1 Bc4 45. g3 Ne5 46.
f4 Nf3+ 47. Kg2 Bd5 48. Rxb5 Nd4+ 49. Kg1 Rc1+ 50. Kh2 Rh1# 0-1

[Event "Romulus (RVO/2/25)"]
[Site "?"]
[Date "1994.??.??"]
[Round "?"]
[White "Paul, Dennis"]
[Black "Kane, Paul"]
[Result "0-1"]
[WhiteElo "1605"]
[BlackElo "1605"]
[PlyCount "114"]
[EventDate "1994.??.??"]

{2/(25)} 1. d4 d5 2. Nf3 Nf6 3. Bf4 Bf5 4. e3 e6 5. Bd3 Bxd3 6. Qxd3 Nbd7 7.
O-O c5 8. c4 cxd4 9. exd4 Be7 10. c5 O-O 11. b4 Ne4 12. Qb5 Qc8 13. Nbd2 a6 14.
Qd3 Ndf6 15. Ng5 Nxd2 16. Bxd2 h6 17. Nh3 Bd8 18. Bf4 Nh5 19. Be5 Bf6 20. Qf3
Bxe5 21. dxe5 g6 22. g4 Ng7 23. g5 h5 24. Qf6 Nf5 25. Nf4 Qd8 26. Qxd8 Rfxd8
27. a4 Nd4 28. Kg2 Nc6 29. b5 axb5 30. axb5 Nxe5 31. Rxa8 Rxa8 32. Rc1 Rc8 33.
f3 Nc4 34. c6 bxc6 35. bxc6 Rxc6 36. Kh3 Rb6 37. Rc3 Kf8 38. Kg3 Ke7 39. Kh4
Rb4 40. Nd3 Ra4 41. Nc5 Ra3 42. Rxa3 Nxa3 43. f4 Nc4 44. Nd3 Ne3 45. Kh3 Nf5
46. Ne5 Ne3 47. Nc6+ Kd7 48. Ne5+ Ke8 49. Kg3 Nc4 50. Kf3 Nxe5+ 51. fxe5 Kd7
52. Ke3 Kc7 53. Kd4 Kb6 54. h3 Kc6 55. h4 Kb6 56. Kc3 Kc5 57. Kd3 d4 0-1

[Event "Gaylord (NMO/2/14)"]
[Site "?"]
[Date "1994.??.??"]
[Round "?"]
[White "Paul, Dennis"]
[Black "Gatesy, Matthew"]
[Result "0-1"]
[WhiteElo "1605"]
[BlackElo "1605"]
[PlyCount "64"]
[EventDate "1994.??.??"]

{2/(14)} 1. d4 d5 2. Bf4 Nc6 3. e3 Nf6 4. Nf3 Bg4 5. Be2 e6 6. O-O Bb4 7. c3
Bd6 8. h3 Bxf3 9. Bxf3 O-O 10. Nd2 e5 11. dxe5 Nxe5 12. Be2 Ne4 13. Nxe4 dxe4
14. Qc2 Ng6 15. Bxd6 Qxd6 16. Qxe4 Rae8 17. Qxb7 Nh4 18. Qxa7 Qc6 19. f3 Qg6
20. g4 Qc2 21. Rf2 Qxb2 22. Rd1 Qxc3 23. Bd3 Rd8 24. Rc2 Nxf3+ 25. Kf2 Qf6 26.
Qxc7 Ne5+ 27. Bf5 Rxd1 28. Qc8 Qh4+ 29. Kg2 Nd3 30. Bxh7+ Kxh7 31. Qf5+ Kg8 32.
Qf3 Ne1+ 0-1

[Event "Detroit (MOR/6/61)"]
[Site "?"]
[Date "1994.??.??"]
[Round "?"]
[White "Paul, Dennis"]
[Black "Fuson, R."]
[Result "0-1"]
[WhiteElo "1605"]
[BlackElo "1605"]
[PlyCount "108"]
[EventDate "1994.??.??"]

{6/(61)} 1. e4 c5 2. Bc4 Nc6 3. Nf3 e5 4. d3 Nf6 5. Ng5 d5 6. exd5 Nxd5 7. Nc3
Be6 8. Qf3 Nd4 9. Qd1 Be7 10. Nf3 O-O 11. O-O Nxc3 12. bxc3 Nxf3+ 13. Qxf3 Bxc4
14. dxc4 Qc7 15. Qg3 g6 16. Bh6 Rfd8 17. Rae1 Bd6 18. f4 exf4 19. Bxf4 Bxf4 20.
Qxf4 Qxf4 21. Rxf4 Rd2 22. Re7 f5 23. Rh4 h5 24. Rh3 Kf8 25. Re6 Re8 26. Rxe8+
Kxe8 27. Re3+ Kf7 28. Rd3 Rxd3 29. cxd3 f4 30. d4 cxd4 31. cxd4 Ke6 32. Kf2 g5
33. Kf3 Kf5 34. c5 g4+ 35. Kf2 Ke4 36. g3 fxg3+ 37. hxg3 Kxd4 38. a4 a5 39. Ke2
Kxc5 40. Ke3 b5 41. axb5 Kxb5 42. Kf4 a4 43. Kg5 a3 44. Kxh5 a2 45. Kxg4 a1=Q
46. Kh4 Qf6+ 47. Kh3 Qf3 48. Kh4 Kc5 49. g4 Kd5 50. Kh5 Ke5 51. Kg5 Qf4+ 52.
Kh5 Qf7+ 53. Kg5 Qf6+ 54. Kh5 Kf4 0-1

[Event "Detroit (MOR/2/66)"]
[Site "?"]
[Date "1994.??.??"]
[Round "?"]
[White "Paul, Dennis"]
[Black "Carpenter, O."]
[Result "0-1"]
[WhiteElo "1605"]
[BlackElo "1605"]
[PlyCount "74"]
[EventDate "1994.??.??"]

{2/(66)} 1. e4 d6 2. Bc4 Nf6 3. Nc3 g6 4. Nf3 Bg7 5. Ng5 O-O 6. d4 e5 7. dxe5
dxe5 8. Qxd8 Rxd8 9. Nxf7 Rd4 10. Nh6+ Kf8 11. Bf7 Bxh6 12. Bxh6+ Kxf7 13. O-O
Nxe4 14. Nxe4 Rxe4 15. Rae1 Rxe1 16. Rxe1 Nc6 17. f4 exf4 18. Bxf4 Bf5 19. c3
Re8 20. Rxe8 Kxe8 21. Bxc7 Kd7 22. Bf4 Ke6 23. b4 b5 24. h3 Kd5 25. g4 Bb1 26.
a3 Kc4 27. Bd2 Kb3 28. Kf2 Kxa3 29. h4 Kb3 30. h5 Ne5 31. hxg6 hxg6 32. g5 Kc2
33. Be1 Nd3+ 34. Ke2 Nxe1 35. Kxe1 Kxc3 36. Kf2 Kxb4 37. Ke1 Kb3 0-1

[Event "Ann Arbor (HVA/5/8)"]
[Site "?"]
[Date "1994.??.??"]
[Round "?"]
[White "Paul, Dennis"]
[Black "Aldrich, Justin"]
[Result "0-1"]
[WhiteElo "1605"]
[BlackElo "1605"]
[PlyCount "60"]
[EventDate "1994.??.??"]

{5/(8)} 1. e4 e5 2. Nf3 d6 3. Bc4 Be7 4. O-O Nf6 5. c3 Bg4 6. d4 exd4 7. cxd4
O-O 8. Nc3 Nc6 9. a3 h6 10. Be3 Re8 11. Qb3 Bh5 12. Qa2 Na5 13. Bb5 Rf8 14. d5
c6 15. Bd3 cxd5 16. exd5 b6 17. b4 Nb7 18. Nd4 Nd7 19. Nc6 Qe8 20. Nxe7+ Qxe7
21. Rae1 Qh4 22. Qd2 Ne5 23. Bf5 g6 24. Bxh6 gxf5 25. Bxf8 Nf3+ 26. gxf3 Bxf3
27. Ne2 Qg4+ 28. Ng3 f4 29. Qd4 Rxf8 30. Re4 Qh3 0-1

[Event "Eastpointe (MI Action/2/22)"]
[Site "?"]
[Date "1994.??.??"]
[Round "?"]
[White "Parker, Den"]
[Black "Woods, O."]
[Result "0-1"]
[WhiteElo "1605"]
[BlackElo "1605"]
[PlyCount "28"]
[EventDate "1994.??.??"]

{2/(22)} 1. e4 e6 2. d4 d5 3. exd5 exd5 4. Nf3 Nc6 5. h3 Nf6 6. Be2 Bd6 7. Bg5
h6 8. Bh4 g5 9. Bg3 Bxg3 10. fxg3 Qd6 11. Kf2 Ne4+ 12. Ke3 Qxg3 13. Qf1 Qf4+
14. Kd3 Nb4# 0-1

[Event "Eastpointe (MI Action/6/24)"]
[Site "?"]
[Date "1994.??.??"]
[Round "?"]
[White "Parker, Den"]
[Black "Choate, Eric"]
[Result "1-0"]
[WhiteElo "1605"]
[BlackElo "1605"]
[PlyCount "69"]
[EventDate "1994.??.??"]

{6/(24)} 1. e4 e5 2. Nf3 Bc5 3. Nxe5 Qf6 4. Nf3 d6 5. d3 Bg4 6. Bg5 Qxb2 7.
Nbd2 Bxf3 8. Nxf3 h6 9. Bh4 Bb4+ 10. Nd2 Qd4 11. Rb1 Bc5 12. Qe2 Nf6 13. Nf3
Qc3+ 14. Qd2 Qa3 15. Rxb7 Nc6 16. Be2 Bb4 17. Rxb4 Nxb4 18. O-O Nc6 19. Qe3
Qxa2 20. e5 dxe5 21. Bxf6 gxf6 22. d4 Ne7 23. dxe5 Nf5 24. Bb5+ Kf8 25. Qc5+
Kg8 26. Bc4 Qxc2 27. exf6 Qe4 28. Nd2 Qg4 29. g3 Rd8 30. Nb3 Nd6 31. Qxc7 Kh7
32. Bxf7 Qg5 33. Bg6+ Kg8 34. Qxd8+ Ne8 35. Qxe8# 1-0

[Event "Eastpointe (MI Action/4/19)"]
[Site "?"]
[Date "1994.??.??"]
[Round "?"]
[White "Parker, Den"]
[Black "Bezrutch, B."]
[Result "0-1"]
[WhiteElo "1605"]
[BlackElo "1605"]
[PlyCount "68"]
[EventDate "1994.??.??"]

{4/(19)} 1. e4 e5 2. Nf3 Nc6 3. Bb5 a6 4. Bxc6 dxc6 5. Nxe5 Qd4 6. Nf3 Qxe4+ 7.
Qe2 Qxe2+ 8. Kxe2 Nf6 9. Re1 Bg4 10. Kf1+ Be7 11. d3 h6 12. Kg1 Rd8 13. h3 Bxf3
14. gxf3 Rd7 15. Kh1 O-O 16. Nd2 Nd5 17. Nc4 Bh4 18. Rg1 Kh7 19. Rg2 Re7 20.
Bd2 Re2 21. Rag1 g6 22. f4 Rxf2 23. Rxg6 fxg6 24. Ne5 Rxd2 25. Nxg6 Rg8 26.
Nxh4 Rxg1+ 27. Kxg1 Nxf4 28. Nf3 Rxc2 29. b4 Rxa2 30. Ne5 Nxh3+ 31. Kf1 Kg7 32.
Nd7 Kf7 33. Nc5 Rb2 34. Nxb7 Rxb4 0-1

[Event "Detroit (MCO/C/1a/8)"]
[Site "?"]
[Date "1994.??.??"]
[Round "?"]
[White "Parker, Bernard"]
[Black "Kim, E."]
[Result "1-0"]
[WhiteElo "1605"]
[BlackElo "1605"]
[PlyCount "125"]
[EventDate "1994.??.??"]

1. d4 d5 2. Nf3 Nf6 3. c4 c6 4. Nc3 e6 5. Bg5 Nbd7 6. Rc1 Be7 7. e3 O-O 8. Qb3
Re8 9. Bd3 Qc7 10. cxd5 exd5 11. O-O Bd6 12. Nb5 Qb8 13. Nxd6 Qxd6 14. Bf4 Qe7
15. h3 h6 16. Rfe1 Ne4 17. Bxe4 Qxe4 18. Ne5 Nxe5 19. Bxe5 f6 20. Bg3 Re6 21.
a4 a6 22. a5 Kh8 23. Rc5 Re8 24. Rec1 g5 25. R5c3 g4 26. h4 h5 27. Qb6 Qe7 28.
Rb3 f5 29. Be5+ Kg8 30. g3 Qf8 31. Qc5 Qe7 32. Bd6 Qd8 33. Bf4 Qd7 34. Rb6 Qe7
35. Qc3 Qd8 36. Qd2 Qe7 37. Be5 Be6 38. Qb4 Qxb4 39. Rxb4 Re7 40. Bd6 Rd7 41.
Be5 Rf7 42. Rc3 Rd8 43. Rcb3 Bc8 44. Rb6 Rdd7 45. Kf1 Rh7 46. Ke2 Kf7 47. Kd3
Ke6 48. Kc3 Rhf7 49. Kb4 Rh7 50. Kc5 Rhf7 51. Rc3 Rh7 52. b4 Rhf7 53. Rb3 Rh7
54. b5 axb5 55. R3xb5 Kf7 56. Rb1 Ke8 57. a6 bxa6 58. Kxc6 Rh6+ 59. Kc5 Rxb6
60. Rxb6 Kf7 61. Kc6 Rd8 62. Kc7 Ke7 63. Bf6+ 1-0

[Event "Detroit (MCO/C/3a/4)"]
[Site "?"]
[Date "1994.??.??"]
[Round "?"]
[White "Parker, Bernard"]
[Black "Allen, D."]
[Result "0-1"]
[WhiteElo "1605"]
[BlackElo "1605"]
[PlyCount "96"]
[EventDate "1994.??.??"]

1. d4 d5 2. Nf3 Nf6 3. c4 c6 4. Nc3 e6 5. Bg5 Be7 6. Qb3 Nbd7 7. Rc1 dxc4 8.
Qxc4 Nd5 9. Bxe7 Qxe7 10. e4 Nxc3 11. Rxc3 O-O 12. Bd3 e5 13. O-O exd4 14. Nxd4
Ne5 15. Qb3 Nxd3 16. Rxd3 Qxe4 17. Rfd1 b6 18. f3 Qg6 19. Ne2 Qe6 20. Qc2 Ba6
21. Nf4 Bxd3 22. Qxd3 Qxa2 23. Qc3 Rfd8 24. Re1 c5 25. Nh5 Rd4 26. Qe3 h6 27.
Nf6+ gxf6 28. Qxh6 Qxb2 29. Qxf6 Rd2 30. Qg5+ Kf8 31. Qh6+ Kg8 32. Qg5+ Kh7 33.
Qh5+ Kg8 34. Qg5+ Qg7 35. Qxd2 Qd4+ 36. Qxd4 cxd4 37. Rd1 Rd8 38. Rd3 b5 39.
Kf2 b4 40. Ke2 a5 41. Rb3 Rc8 42. Rd3 Rc4 43. f4 a4 44. Rd2 b3 45. Kd3 Rb4 46.
Rd1 b2 47. Kc2 a3 48. Kb1 d3 0-1

[Event "Romulus (RVO/4/15)"]
[Site "?"]
[Date "1994.??.??"]
[Round "?"]
[White "Parham, B."]
[Black "McNeil, Yaking"]
[Result "1-0"]
[WhiteElo "2105"]
[BlackElo "1605"]
[PlyCount "43"]
[EventDate "1994.??.??"]

{4/(15)} 1. e4 c5 2. Qh5 e6 3. f4 Nf6 4. Qf3 Nc6 5. c3 e5 6. f5 d5 7. d3 c4 8.
exd5 Qxd5 9. Qxd5 Nxd5 10. dxc4 Nf4 11. g3 Nh5 12. Bd3 Ne7 13. Nf3 f6 14. Nh4
Bd7 15. Be3 Rd8 16. Be4 b6 17. Nd2 Kf7 18. O-O g6 19. fxg6+ hxg6 20. Ndf3 f5
21. Nxe5+ Kf6 22. Bd4 1-0

[Event "Romulus (RVO/3/7)"]
[Site "?"]
[Date "1994.??.??"]
[Round "?"]
[White "Parham, B."]
[Black "Calton, David A"]
[Result "0-1"]
[WhiteElo "2105"]
[BlackElo "1765"]
[PlyCount "42"]
[EventDate "1994.??.??"]

{3/(7)} 1. e4 d6 2. Qh5 g6 3. Qh4 Bg7 4. f4 Nc6 5. c3 Bd7 6. Qf2 f5 7. d3 e5 8.
Be2 Nf6 9. fxe5 Nxe5 10. Qh4 fxe4 11. dxe4 O-O 12. Bg5 Qe7 13. Nd2 Qf7 14. Ngf3
Nxf3+ 15. Bxf3 Rae8 16. O-O Bc6 17. Rae1 Qxa2 18. e5 Nd7 19. Bd1 Qxb2 20. Be7
Qxd2 21. Bb3+ Kh8 0-1

[Event "Fowlerville (Jun)"]
[Site "?"]
[Date "1994.??.??"]
[Round "?"]
[White "Palmerton, W."]
[Black "Spencer, Gordon"]
[Result "0-1"]
[WhiteElo "1605"]
[BlackElo "1605"]
[PlyCount "74"]
[EventDate "1994.??.??"]

1. e4 c5 2. d4 cxd4 3. c3 dxc3 4. Nxc3 e6 5. Nf3 Bb4 6. Qd4 Bxc3+ 7. bxc3 Nf6
8. Ba3 Nc6 9. Qd6 Nxe4 10. Qd3 Qa5 11. Bb2 d5 12. a3 O-O 13. Be2 Qb6 14. Bc1
Nxf2 15. Qd2 Nxh1 16. Qf4 Qf2+ 17. Kd1 Qxg2 18. Be3 Nf2+ 19. Kc2 Nh3 20. Qh6
Qxe2+ 21. Bd2 gxh6 22. Nh4 Qe4+ 23. Kb2 Qxh4 24. a4 Na5 25. Ka2 Qf2 26. Rd1 Nc4
27. Ka1 Nxd2 28. a5 Nb3+ 29. Kb1 Bd7 30. a6 b6 31. c4 Qf5+ 32. Rd3 Qxd3+ 33.
Kb2 Rac8 34. cxd5 Nd4 35. dxe6 Rc2+ 36. Kb1 Qb3+ 37. Ka1 Qa2# 0-1